The stereotypical Brit - Statistics

General Stats
  • This quiz has been taken 22 times
    12 since last reset
  • The average score is 2 of 12
Answer Stats
Hint Answer % Correct
Weather is always... Rainy
80%
A 'popular' drink Tea
70%
They love talking about... The weather
20%
Buses are 'always'... Red
10%
Who are Brits are obsessed with The royal family
10%
They have... An accent
0%
They live in... Castles
0%
The bad girls: Chavs
0%
What do they do when drinking? Pinky out
0%
Good manners = Polite
0%
The bad boys: Roadmen
0%
Brits always wear: Suits and dresses
0%
No matching quizzes found
Score Distribution
Percent of People with Each Score
Percentile by Number Answered
Your Score History
You have not taken this quiz since the last reset